000 00396nam a2200157Ia 4500
008 210210b1982 xxu||||| |||| 00| 0 eng d
082 _a321.80954 MAHC
100 _aMAHAJAN (Vidya Dhar).
245 _aConstitution of India.
250 _a
260 _aND
_b
_c1982
300 _aviii,397
650 _aConstitution of India
690 _aIndian Constitution & Government
906 _a035845
999 _c86248
_d86248